[Event "Madrid-chT 1011"]
[Site "Madrid"]
[Date "2011.01.09"]
[Round "5.31"]
[White "Candela Perez, Jose"]
[Black "Moreno Carnero, Javier"]
[Result "1/2-1/2"]
[WhiteElo "2399"]
[BlackElo "2519"]
[PlyCount "33"]
[EventDate "2010.11.21"]
[EventType "team-tourn"]
[EventRounds "14"]
[EventCountry "ESP"]
[SourceTitle "EXT 2012"]
[Source "ChessBase"]
[SourceDate "2011.11.24"]
[SourceVersion "1"]
[SourceVersionDate "2011.11.24"]
[SourceQuality "1"]
[WhiteTeam "Leganes"]
[BlackTeam "La Casa del Ajedrez"]
[WhiteTeamCountry "ESP"]
[BlackTeamCountry "ESP"]

1. d4 d6 2. Nf3 Nf6 3. c4 g6 4. Nc3 Bg7 5. e4 0-0 6. Be2 Na6 7. 0-0 e5 8. Be3 h6 9. dxe5 Ng4 10. Bf4 Nxe5 11. Qd2 Kh7 12. Rad1 Be6 13. b3 Nc5 14. Nxe5 dxe5 15. Qxd8 Rfxd8 16. Rxd8 Rxd8 17. Be3 1/2-1/2

[Event "Madrid-chT Honor"]
[Site "Madrid"]
[Date "2010.02.21"]
[Round "11"]
[White "Moreno Carnero, Javier"]
[Black "Roa Alonso, Santiago"]
[Result "1/2-1/2"]
[WhiteElo "2518"]
[BlackElo "2412"]
[PlyCount "102"]
[EventDate "2009.11.22"]
[EventType "team-tourn"]
[EventRounds "13"]
[EventCountry "ESP"]
[SourceTitle "EXT 2011"]
[Source "ChessBase"]
[SourceDate "2010.11.26"]
[SourceVersion "1"]
[SourceVersionDate "2010.11.26"]
[SourceQuality "1"]

1. e4 e5 2. Nf3 Nc6 3. Bb5 a6 4. Ba4 Nf6 5. 0-0 Be7 6. d3 b5 7. Bb3 0-0 8. a4 b4 9. a5 d6 10. Nbd2 Be6 11. Re1 Rb8 12. Bc4 Qc8 13. c3 h6 14. d4 bxc3 15. bxc3 exd4 16. Bxe6 Qxe6 17. cxd4 d5 18. e5 Nd7 19. Nf1 Rb5 20. Bd2 f6 21. exf6 Qxf6 22. Bc3 Bb4 23. Bxb4 Rxb4 24. Ne3 Rb5 25. Qd2 Qg6 26. Kh1 Nf6 27. Qe2 Re8 28. Rac1 Ne4 29. Kg1 Qf6 30. Ng4 Qe6 31. Nge5 Nxe5 32. Nxe5 c5 33. f3 cxd4 34. Nd3 Ng5 35. Qf2 Qg6 36. Rxe8+ Qxe8 37. Qxd4 Rxa5 38. h4 Ne6 39. Qe5 Qd7 40. Qb8+ Kh7 41. Ne5 Qd8 42. Qb1+ Kg8 43. Qf5 Qb6+ 44. Kh1 Nd8 45. Ng6 Qf6 46. Qd7 h5 47. Qe8+ Kh7 48. Nf8+ Kh6 49. Nd7 Qxh4+ 50. Kg1 Qd4+ 51. Kh1 Qh4+ 1/2-1/2

[Event "Madrid-chT Honor"]
[Site "Madrid"]
[Date "2009.11.22"]
[Round "1"]
[White "Moreno Carnero, Javier"]
[Black "Solaesa Navalpotro, Luis Julio"]
[Result "1-0"]
[WhiteElo "2518"]
[BlackElo "2224"]
[PlyCount "105"]
[EventDate "2009.11.22"]
[EventType "team-tourn"]
[EventRounds "13"]
[EventCountry "ESP"]
[SourceTitle "EXT 2011"]
[Source "ChessBase"]
[SourceDate "2010.11.26"]
[SourceVersion "1"]
[SourceVersionDate "2010.11.26"]
[SourceQuality "1"]

1. e4 e5 2. Nf3 Nc6 3. Bb5 a6 4. Bxc6 dxc6 5. Nc3 f6 6. d4 exd4 7. Nxd4 c5 8. Nde2 Qxd1+ 9. Nxd1 Bd6 10. Bf4 Be6 11. Bxd6 cxd6 12. Ne3 Ne7 13. 0-0-0 0-0-0 14. Nf4 Bf7 15. h4 Kc7 16. g4 Kc6 17. Rd2 Rhg8 18. f3 Ng6 19. Nfd5 Bxd5 20. Nxd5 Rgf8 21. h5 Ne5 22. Ne7+ Kc7 23. f4 Nc6 24. Nf5 Rf7 25. Rhd1 Rfd7 26. c3 b5 27. Kc2 g6 28. Ne3 Ne7 29. h6 Kc6 30. g5 f5 31. exf5 gxf5 32. Nd5 Nxd5 33. Rxd5 Rf8 34. b3 Rff7 35. c4 b4 36. a3 a5 37. Re1 bxa3 38. Ra1 Kb6 39. Rxa3 Rf8 40. Ra1 Rff7 41. Re1 Kc6 42. Re8 Kb7 43. Rd1 Kc6 44. Rd5 Kb7 45. Kd2 Kc6 46. Re6 Rf8 47. Rd3 Rff7 48. Ke2 Rf8 49. Kf3 Kc7 50. Kg3 Rff7 51. Kh4 Rd8 52. Kh5 Rfd7 53. Rf6 1-0

[Event "ESP-chT Honor Gp1"]
[Site "Lugo"]
[Date "2007.06.24"]
[Round "5"]
[White "Moreno Carnero, Javier"]
[Black "Carrasco Martinez, Juan Manuel"]
[Result "1/2-1/2"]
[WhiteElo "2508"]
[BlackElo "2406"]
[PlyCount "71"]
[EventDate "2007.06.20"]
[EventType "team"]
[EventRounds "5"]
[EventCountry "ESP"]
[SourceTitle "CBM 119"]
[Source "ChessBase"]
[SourceDate "2007.08.01"]
[SourceVersion "1"]
[SourceVersionDate "2007.08.01"]
[SourceQuality "1"]

1. e4 e6 2. d4 d5 3. Nc3 Bb4 4. exd5 exd5 5. Bd3 c6 6. Qf3 Qf6 7. Bf4 Ne7 8. Nge2 0-0 9. 0-0 Ng6 10. Qh5 h6 11. Bd2 Bd6 12. f4 Re8 13. g4 Nf8 14. g5 g6 15. Qxh6 Qe6 16. Ng3 Qh3 17. Qxh3 Bxh3 18. Rf2 Ne6 19. Nce2 Ng7 20. f5 gxf5 21. Bf4 Be7 22. Bxb8 Raxb8 23. Nf4 Bxg5 24. Nxh3 Be3 25. c3 Re6 26. Nf4 Rh6 27. Raf1 Re8 28. Ng2 Bxf2+ 29. Rxf2 Rf6 30. Rf4 b5 31. a3 a5 32. Kf2 b4 33. cxb4 axb4 34. a4 Ne6 35. Rxf5 Rh6 36. Re5 1/2-1/2

[Event "ESP-chT 1st div South"]
[Site "Santa Cruz de Tenerife"]
[Date "2006.08.24"]
[Round "2"]
[White "Ortega Hermida, Daniel"]
[Black "Moreno Carnero, Javier"]
[Result "1/2-1/2"]
[WhiteElo "2376"]
[BlackElo "2509"]
[PlyCount "45"]
[EventDate "2006.08.23"]
[EventType "team"]
[EventRounds "5"]
[EventCountry "ESP"]
[SourceTitle "CBM 113 Extra"]
[Source "ChessBase"]
[SourceDate "2006.09.14"]
[SourceVersion "1"]
[SourceVersionDate "2006.09.14"]
[SourceQuality "1"]

1. d4 d6 2. Nf3 g6 3. Bg5 Bg7 4. c3 h6 5. Bf4 Nf6 6. h3 b6 7. e3 0-0 8. Nbd2 c5 9. Be2 cxd4 10. cxd4 Ba6 11. Bxa6 Nxa6 12. 0-0 Qd7 13. Qb3 Rfc8 14. Rfc1 Qb7 15. Bg3 Qd5 16. Qa4 Qa5 17. Qxa5 bxa5 18. Rc3 Rab8 19. Rac1 Re8 20. Ra3 Rxb2 21. Rxa5 Nb4 22. a3 Nd3 23. Rc7 1/2-1/2

[Event "Villarrobledo op 21st"]
[Site "Villarrobledo"]
[Date "2006.08.05"]
[Round "3"]
[White "Moreno Carnero, Javier"]
[Black "Ponomariov, Ruslan"]
[Result "1-0"]
[WhiteElo "2509"]
[BlackElo "2721"]
[PlyCount "58"]
[EventDate "2006.08.05"]
[EventType "swiss (rapid)"]
[EventRounds "9"]
[EventCountry "ESP"]
[SourceTitle "CBM 113 Extra"]
[Source "ChessBase"]
[SourceDate "2006.09.14"]
[SourceVersion "1"]
[SourceVersionDate "2006.09.14"]
[SourceQuality "1"]

1. e4 c5 2. Nf3 d6 3. d4 cxd4 4. Nxd4 Nf6 5. Nc3 a6 6. Be2 e5 7. Nb3 Be7 8. 0-0 Be6 9. f4 Qc7 10. g4 h6 11. g5 hxg5 12. fxg5 Nh7 13. h4 Nf8 14. Nd5 Qd8 15. Qe1 Nbd7 16. Qf2 Ng6 17. h5 Nf4 18. Bxf4 exf4 19. Nxf4 Ne5 20. Nd4 Bxg5 21. Ndxe6 fxe6 22. Ng6 Qc7 23. Nxh8 0-0-0 24. Nf7 Nxf7 25. Qxf7 Qc5+ 26. Kg2 Qe5 27. Bg4 Kb8 28. Qxe6 Qxb2 29. Qb3 Qd4 1-0

[Event "ESP-chT"]
[Site "Sanxenxo"]
[Date "2004.11.22"]
[Round "5"]
[White "Khamrakulov, Ibragim S"]
[Black "Moreno Carnero, Javier"]
[Result "1/2-1/2"]
[WhiteElo "2500"]
[BlackElo "2512"]
[PlyCount "47"]
[EventDate "2004.11.18"]
[EventType "team"]
[EventRounds "9"]
[EventCountry "ESP"]
[SourceTitle "CBM 105"]
[Source "ChessBase"]
[SourceDate "2005.04.11"]
[SourceVersion "1"]
[SourceVersionDate "2005.04.11"]
[SourceQuality "1"]

1. e4 e6 2. d4 d5 3. Nd2 Be7 4. Ngf3 Nf6 5. Bd3 c5 6. c3 cxd4 7. cxd4 dxe4 8. Nxe4 Bd7 9. 0-0 Nxe4 10. Bxe4 Bc6 11. Qc2 Bxe4 12. Qxe4 Qd5 13. Qxd5 exd5 14. Bf4 Nc6 15. Rfc1 Nd8 16. Rc3 Ne6 17. Bg3 Rd8 18. Rb3 Rd7 19. Re1 Bf6 20. Bb8 a6 21. Be5 Bxe5 22. Rxe5 0-0 23. Rc3 Rd6 24. b3 1/2-1/2

[Event "ESP-chT"]
[Site "Sanxenxo"]
[Date "2004.11.21"]
[Round "4"]
[White "Moreno Carnero, Javier"]
[Black "Franco Ocampos, Zenon"]
[Result "1/2-1/2"]
[WhiteElo "2512"]
[BlackElo "2526"]
[PlyCount "41"]
[EventDate "2004.11.18"]
[EventType "team"]
[EventRounds "9"]
[EventCountry "ESP"]
[SourceTitle "CBM 105"]
[Source "ChessBase"]
[SourceDate "2005.04.11"]
[SourceVersion "1"]
[SourceVersionDate "2005.04.11"]
[SourceQuality "1"]

1. e4 d6 2. d4 Nf6 3. Nc3 e5 4. Nf3 Nbd7 5. Bc4 Be7 6. 0-0 0-0 7. a4 c6 8. Re1 b6 9. h3 Bb7 10. dxe5 Nxe5 11. Ba2 Nxf3+ 12. Qxf3 a6 13. Bf4 b5 14. e5 dxe5 15. Bxe5 Qc8 16. Ne4 c5 17. Qg3 Bxe4 18. Rxe4 g6 19. Bxf6 Bxf6 20. Bd5 Rb8 21. axb5 1/2-1/2

[Event "El Sauzal op 5th"]
[Site "El Sauzal"]
[Date "2004.11.06"]
[Round "4"]
[White "Diaz Leon, Richard"]
[Black "Moreno Carnero, Javier"]
[Result "0-1"]
[WhiteElo "2245"]
[BlackElo "2512"]
[PlyCount "61"]
[EventDate "2004.11.06"]
[EventType "swiss (rapid)"]
[EventRounds "9"]
[EventCountry "ESP"]
[SourceTitle "CBM 103 Extra"]
[Source "ChessBase"]
[SourceDate "2005.01.01"]
[SourceVersion "1"]
[SourceVersionDate "2005.01.01"]
[SourceQuality "1"]

1. e4 c5 2. Nf3 d6 3. d4 cxd4 4. Nxd4 Nf6 5. Nc3 a6 6. Be3 e6 7. g4 h6 8. Rg1 Nc6 9. h4 h5 10. gxh5 Nxh5 11. Bg5 Nf6 12. Qd2 Bd7 13. 0-0-0 Be7 14. Be2 Qc7 15. f4 0-0-0 16. Nb3 Kb8 17. Qe3 Bc8 18. e5 dxe5 19. fxe5 Rxd1+ 20. Bxd1 Nd7 21. Bxe7 Nxe7 22. Rxg7 Nf5 23. Qg5 Nxg7 24. Qxg7 Qxe5 25. Qxf7 Rxh4 26. Qe7 Rh1 27. Qb4 Rf1 28. Nd2 Rf4 29. Nc4 Qc5 30. Qxc5 Nxc5 31. Ne5 0-1

[Event "El Sauzal op 5th"]
[Site "El Sauzal"]
[Date "2004.11.06"]
[Round "5"]
[White "Moreno Carnero, Javier"]
[Black "Gaponenko, Inna"]
[Result "1/2-1/2"]
[WhiteElo "2512"]
[BlackElo "2445"]
[PlyCount "71"]
[EventDate "2004.11.06"]
[EventType "swiss (rapid)"]
[EventRounds "9"]
[EventCountry "ESP"]
[SourceTitle "CBM 103 Extra"]
[Source "ChessBase"]
[SourceDate "2005.01.01"]
[SourceVersion "1"]
[SourceVersionDate "2005.01.01"]
[SourceQuality "1"]

1. e4 c5 2. Nf3 d6 3. d4 cxd4 4. Nxd4 Nf6 5. Nc3 g6 6. Bc4 Bg7 7. 0-0 0-0 8. Re1 Nc6 9. Nb3 a6 10. Bf1 b5 11. Nd5 e6 12. Nxf6+ Bxf6 13. c3 Bb7 14. Bh6 Re8 15. Qd2 Ne5 16. Bf4 Nc4 17. Qc2 e5 18. Bg3 Rc8 19. Rad1 Bg5 20. Bxc4 bxc4 21. Nd2 Bxd2 22. Qxd2 Re6 23. f4 exf4 24. Qxf4 Qb6+ 25. Qf2 Qxf2+ 26. Kxf2 Bxe4 27. Bxd6 Rd8 28. Bc5 Rxd1 29. Rxd1 Bd3 30. Rd2 g5 31. g3 Kg7 32. b3 Kg6 33. bxc4 Bxc4 34. a3 f5 35. Rd6 Rxd6 36. Bxd6 1/2-1/2

[Event "Olympiad-36"]
[Site "Mallorca"]
[Date "2004.10.25"]
[Round "10"]
[White "Moreno Carnero, Javier"]
[Black "Gonzalez Zamora, Juan Carlos"]
[Result "1/2-1/2"]
[WhiteElo "2512"]
[BlackElo "2524"]
[PlyCount "141"]
[EventDate "2004.10.15"]
[EventType "team-swiss"]
[EventRounds "14"]
[EventCountry "ESP"]
[SourceTitle "CBM 104"]
[Source "ChessBase"]
[SourceDate "2005.01.27"]
[SourceVersion "1"]
[SourceVersionDate "2005.01.27"]
[SourceQuality "1"]
[WhiteTeam "Spain II"]
[BlackTeam "Mexico"]
[WhiteTeamCountry "ESP"]
[BlackTeamCountry "MEX"]

1. e4 c5 2. Nf3 d6 3. d4 cxd4 4. Nxd4 Nf6 5. Nc3 Nc6 6. Bg5 e6 7. Qd2 Qb6 8. Nb3 a6 9. Be2 Qc7 10. f4 Be7 11. 0-0-0 Bd7 12. Bxf6 gxf6 13. Kb1 h5 14. Bf3 0-0-0 15. Rhe1 Kb8 16. a3 Na5 17. Nxa5 Qxa5 18. Re3 Rc8 19. Rd3 Rc7 20. g3 h4 21. g4 Rhc8 22. h3 Rc4 23. Ne2 Qc7 24. Rc3 Rxc3 25. Nxc3 Bc6 26. Qe1 f5 27. g5 fxe4 28. Bxe4 d5 29. Bd3 Qb6 30. Ka1 Qd4 31. Ne2 Qa4 32. Qd2 Bd6 33. c3 Qa5 34. Bb1 Bb5 35. Nd4 Bd7 36. Ne2 Bb5 37. Nd4 Ba4 38. Re1 Bd7 39. Ba2 Qc7 40. Rf1 Qb6 41. f5 e5 42. Nc2 d4 43. cxd4 Qb5 44. Rf2 exd4 45. Nxd4 Qb6 46. Bxf7 Bc5 47. Rf4 Rd8 48. Qc3 Ba4 49. Nb3 Bxb3 50. Qxb3 Qc6 51. Qf3 Qc7 52. Bb3 Rd2 53. Rc4 Qd6 54. Qf4 Ka7 55. Qxd6 Bxd6 56. f6 Rg2 57. Rg4 Rxg4 58. hxg4 Be5 59. Bd5 b5 60. Kb1 Kb6 61. Kc2 Kc5 62. Bb7 a5 63. f7 Bg7 64. Kd3 Kd6 65. b4 axb4 66. axb4 h3 67. Ke4 Ke7 68. Kd5 Kxf7 69. Kc5 Kg6 70. Kxb5 Bf8 71. Kc4 1/2-1/2

[Event "ESP-ch final"]
[Site "Seville"]
[Date "2004.08.21"]
[Round "2"]
[White "Illescas Cordoba, Miguel Angel"]
[Black "Moreno Carnero, Javier"]
[Result "1-0"]
[WhiteElo "2618"]
[BlackElo "2507"]
[PlyCount "53"]
[EventDate "2004.08.20"]
[EventType "match"]
[EventRounds "2"]
[EventCountry "ESP"]
[SourceTitle "CBM 103"]
[Source "ChessBase"]
[SourceDate "2004.11.11"]
[SourceVersion "1"]
[SourceVersionDate "2004.11.11"]
[SourceQuality "1"]

1. d4 e6 2. c4 c5 3. d5 exd5 4. cxd5 d6 5. Nc3 g6 6. e4 Bg7 7. Nf3 Ne7 8. Bb5+ Nd7 9. Bf4 a6 10. Bxd7+ Qxd7 11. 0-0 0-0 12. e5 dxe5 13. Bxe5 b5 14. d6 Nf5 15. Ne4 Qc6 16. Bxg7 Kxg7 17. Re1 Bb7 18. Rc1 Rad8 19. Nxc5 Rxd6 20. Ne6+ fxe6 21. Rxc6 Rxd1 22. Rc7+ Kh6 23. Rxd1 Bxf3 24. gxf3 Nh4 25. Rdd7 Nxf3+ 26. Kg2 Kg5 27. Rf7 1-0

[Event "ESP-ch sf2"]
[Site "Seville"]
[Date "2004.08.19"]
[Round "4"]
[White "Moreno Carnero, Javier"]
[Black "Oms Pallisse, Josep"]
[Result "1-0"]
[WhiteElo "2507"]
[BlackElo "2518"]
[PlyCount "117"]
[EventDate "2004.08.18"]
[EventType "match"]
[EventRounds "5"]
[EventCountry "ESP"]
[SourceTitle "CBM 103"]
[Source "ChessBase"]
[SourceDate "2004.11.11"]
[SourceVersion "1"]
[SourceVersionDate "2004.11.11"]
[SourceQuality "1"]

1. e4 e5 2. Nf3 Nc6 3. Bb5 a6 4. Ba4 Nf6 5. 0-0 Be7 6. Re1 b5 7. Bb3 d6 8. c3 0-0 9. h3 Na5 10. Bc2 c5 11. d4 Qc7 12. Nbd2 cxd4 13. cxd4 Nc6 14. Nb3 a5 15. Be3 a4 16. Nbd2 Bd7 17. Rc1 Rac8 18. Bd3 Qb8 19. a3 Rc7 20. Qe2 Rfc8 21. Rb1 Rb7 22. b3 axb3 23. Rxb3 Na5 24. Rb2 Rc3 25. Reb1 Rxa3 26. Bxb5 h6 27. Nf1 Nxe4 28. Bd2 Nxd2 29. N1xd2 Bf5 30. Ne4 d5 31. Ba6 dxe4 32. Rxb7 Nxb7 33. Rxb7 Ra1+ 34. Kh2 Qa8 35. Rxe7 exf3 36. Qxe5 fxg2 37. Re8+ Qxe8 38. Qxe8+ Kh7 39. Kxg2 Rxa6 40. Qxf7 Rf6 41. Qd5 Rg6+ 42. Kh2 Rf6 43. Qe5 Rf7 44. d5 Bd7 45. f4 Bf5 46. Kg3 g6 47. h4 h5 48. Kf2 Rd7 49. Ke3 Kg8 50. Kd4 Kf7 51. Qh8 Re7 52. Qh7+ Kf8 53. Qh8+ Kf7 54. Kc5 Re3 55. Kd6 Re8 56. Qh7+ Kf6 57. Qc7 Re3 58. Qa7 Rd3 59. Qe7# 1-0

[Event "ESP-chA"]
[Site "Seville"]
[Date "2004.08.15"]
[Round "3"]
[White "Moreno Carnero, Javier"]
[Black "Illescas Cordoba, Miguel Angel"]
[Result "1/2-1/2"]
[WhiteElo "2507"]
[BlackElo "2618"]
[PlyCount "33"]
[EventDate "2004.08.03"]
[EventType "tourn"]
[EventRounds "5"]
[EventCountry "ESP"]
[EventCategory "11"]
[SourceTitle "CBM 103"]
[Source "ChessBase"]
[SourceDate "2004.11.11"]
[SourceVersion "1"]
[SourceVersionDate "2004.11.11"]
[SourceQuality "1"]

1. e4 e5 2. Nf3 Nf6 3. Nxe5 d6 4. Nf3 Nxe4 5. Qe2 Qe7 6. d3 Nf6 7. Nc3 Qxe2+ 8. Bxe2 Be7 9. Nd4 c6 10. 0-0 d5 11. Re1 0-0 12. Bf3 Bc5 13. Be3 Na6 14. h3 Bd7 15. a3 Rfe8 16. b4 Bd6 17. Nb3 1/2-1/2

[Event "Hamburg-ch int"]
[Site "Hamburg"]
[Date "2004.06.02"]
[Round "6"]
[White "Moreno Carnero, Javier"]
[Black "Farago, Ivan"]
[Result "1-0"]
[WhiteElo "2525"]
[BlackElo "2507"]
[PlyCount "75"]
[EventDate "2004.05.29"]
[EventType "swiss"]
[EventRounds "9"]
[EventCountry "GER"]
[SourceTitle "CBM 100 Extra"]
[Source "ChessBase"]
[SourceDate "2004.07.06"]
[SourceVersion "2"]
[SourceVersionDate "2004.07.06"]
[SourceQuality "1"]

1. e4 e6 2. d4 d5 3. Nc3 Bb4 4. exd5 exd5 5. Bd3 Nc6 6. a3 Bxc3+ 7. bxc3 Be6 8. Rb1 b6 9. Ne2 Nge7 10. 0-0 Qd7 11. Nf4 Bf5 12. Nh5 0-0 13. h3 f6 14. a4 Rae8 15. Ba3 Bxd3 16. cxd3 Rf7 17. Re1 Ng6 18. Qb3 Rxe1+ 19. Rxe1 Nd8 20. Qb5 Qxb5 21. axb5 Rd7 22. f4 Kf7 23. f5 Nf8 24. Nf4 g6 25. g4 gxf5 26. gxf5 Nb7 27. Kf2 Nd6 28. Bxd6 Rxd6 29. Ra1 Rd7 30. Rxa7 Ke7 31. Ra8 Kf7 32. Kf3 Kg7 33. Rc8 Kf7 34. h4 Kg7 35. Ng2 Kf7 36. Ne3 Kg7 37. Nc2 Kf7 38. Nb4 1-0

[Event "ACP Blitz Prelim1"]
[Site "Playchess.com INT"]
[Date "2004.04.12"]
[Round "11"]
[White "Agababean, Naira"]
[Black "Moreno Carnero, Javier"]
[Result "0-1"]
[WhiteElo "2216"]
[BlackElo "2525"]
[PlyCount "104"]
[EventDate "2004.04.12"]
[EventType "tourn (blitz)"]
[EventRounds "17"]
[EventCountry "GER"]
[EventCategory "11"]
[SourceTitle "CBM 099 Extra"]
[Source "ChessBase"]
[SourceDate "2004.05.04"]
[SourceVersion "1"]
[SourceVersionDate "2004.05.04"]
[SourceQuality "1"]

1. d4 Nf6 2. Bg5 e6 3. e4 h6 4. Bxf6 Qxf6 5. Nf3 d5 6. e5 Qd8 7. Bd3 c5 8. c3 Qb6 9. Qc1 cxd4 10. Nxd4 Nc6 11. Nxc6 bxc6 12. 0-0 Be7 13. Re1 Rb8 14. b3 0-0 15. Qe3 Qxe3 16. Rxe3 Bc5 17. Re2 f6 18. exf6 Rxf6 19. Nd2 e5 20. Rf1 e4 21. Bc2 Bg4 22. Ree1 Rbf8 23. Kh1 Rxf2 24. Rxf2 Rxf2 25. Nxe4 dxe4 26. Bxe4 Bd7 27. h3 Rxa2 28. Rd1 Be8 29. Rd8 Kf7 30. Bd3 Ke7 31. Ra8 Bd6 32. g4 Bf7 33. b4 Bd5+ 34. Kg1 Ra3 35. Kf1 Rxc3 36. Rxa7+ Kf6 37. Bf5 g6 38. Bd7 Bxb4 39. Ra8 Rc2 40. h4 Bd6 41. h5 gxh5 42. gxh5 Bf3 43. Ra5 Be4 44. Be8 c5 45. Ke1 Ke5 46. Bf7 Rh2 47. Ra6 Bd3 48. Rb6 c4 49. Rb5+ Ke4 50. Bd5+ Ke3 51. Bc6 Ra2 52. Rd5 Ra1# 0-1

[Event "ACP Blitz Prelim1"]
[Site "Playchess.com INT"]
[Date "2004.04.12"]
[Round "1"]
[White "Moreno Carnero, Javier"]
[Black "Bartel, Mateusz"]
[Result "0-1"]
[WhiteElo "2525"]
[BlackElo "2501"]
[PlyCount "58"]
[EventDate "2004.04.12"]
[EventType "tourn (blitz)"]
[EventRounds "17"]
[EventCountry "GER"]
[EventCategory "11"]
[SourceTitle "CBM 099 Extra"]
[Source "ChessBase"]
[SourceDate "2004.05.04"]
[SourceVersion "1"]
[SourceVersionDate "2004.05.04"]
[SourceQuality "1"]

1. e4 e6 2. d3 d5 3. Qe2 Ne7 4. Nf3 c5 5. g3 Nbc6 6. Bg2 g6 7. 0-0 Bg7 8. Re1 h6 9. h4 b5 10. e5 Qb6 11. c4 bxc4 12. dxc4 Ba6 13. b3 0-0 14. Nbd2 Rad8 15. Bb2 Nb4 16. Rec1 Rd7 17. a3 Nbc6 18. Rab1 Rfd8 19. Bc3 d4 20. Bb2 Qc7 21. Re1 d3 22. Qe3 Nf5 23. Qf4 Ncd4 24. Nxd4 Nxd4 25. Bxd4 Rxd4 26. Qe3 Bb7 27. Bxb7 Qxb7 28. Nf3 d2 29. Red1 Rd3 0-1